Rozwój nauk handlowych w 60-leciu uczelni

Na minha lista:
Detalhes bibliográficos
Formato: Livro
Idioma:polonês
Publicado em: Kraków Akademia Ekon. 1985
Edição:1. wyd.
Colecção:Zeszyty naukowe 210
Tags: Adicionar Tag
Sem tags, seja o primeiro a adicionar uma tag!

MARC

LEADER 00000nam a2200000 4500
001 c040513
005 20221220080232.3
041 0 |a pol 
044 |a PL 
245 1 0 |a Rozwój nauk handlowych w 60-leciu uczelni 
250 |a 1. wyd. 
264 1 |a Kraków  |b Akademia Ekon.  |c 1985 
300 |a 102 s. 
490 1 |a Zeszyty naukowe  |v 210 
830 0 |a Zeszyty naukowe  |v 210